000 00539nam a22001817a 4500
999 _c195249
_d195249
005 20230314172422.0
010 _aENG-136378
020 _c350.00
_a9789394899513
035 _aEN-119910
037 _bDBAD/PUB
082 _a006.31
100 _aKhan, Vajid Nabilal
245 _aMachine learning and data science/
_cVajid Nabilal Khan at all
260 _aTamil Nadu
_bShanlax Publications
270 _bTamil Nadu
_aVasantha Nagar, Madurai
_e625003
300 _a256p.
_c23cm(pb)
942 _2ddc
_cEN
_mKHA
_h006.31